| 000 | 00796nam a2200229Ia 4500 | ||
|---|---|---|---|
| 003 | OSt | ||
| 005 | 20220918192320.0 | ||
| 006 | a|||||r|||| 00| 0 | ||
| 007 | ta | ||
| 008 | 220917b |||||||| |||| 00| 0 eng d | ||
| 024 | _a67,864 | ||
| 037 | _cTextual | ||
| 040 |
_aARTS _cARTS _beng |
||
| 041 |
_2eng _aeng |
||
| 082 | _aV247rN43<-N41, H4 | ||
| 110 |
_aJammu and Kashmir , Administration Report _978903 |
||
| 245 | 0 | _aAnnual administration report of the Jammu and Kashmir State for the second half of S. 1998 and for S.1999 (18 months from 16th October 1941 to 12th April 1943 | |
| 260 |
_aJammu _bRanbir Government Press _c1944 |
||
| 700 |
_aJammu and Kashmir , Administration Report _978904 |
||
| 942 |
_hV247rN43<-N41, H4 _cTEXL _2CC |
||
| 999 |
_c194091 _d194091 |
||